Исследование формирования систем искусственного интеллекта; Инженерное образование; № 15

Chi tiết về thư mục
Parent link:Инженерное образование: электронный научный журнал/ Ассоциация инженерного образования России (АИОР).— : [Б. и.], 2003-.— 1810-2883
№ 15.— 2014.— [С. 224-229]
Tác giả chính: Штеренберг С. И.
Tóm tắt:Заглавие с титульного листа
В статье рассмотрены проблемы и их решения по разработке и применению экспертных систем искусственного интеллекта для образовательных сфер деятельности.
Ngôn ngữ:Tiếng Nga
Được phát hành: 2014
Loạt:Формирование инженерного мышления
Những chủ đề:
Truy cập trực tuyến:https://old.aeer.ru/files/io/m15/art_32.pdf
Định dạng: Điện tử Chương của sách
KOHA link:https://koha.lib.tpu.ru/cgi-bin/koha/opac-detail.pl?biblionumber=539861

MARC

LEADER 00000naa2a2200000 4500
001 539861
005 20250520140608.0
035 |a (RuTPU)RU\TPU\prd\229677 
035 |a RU\TPU\prd\229674 
090 |a 539861 
100 |a 20150115a2014 k y0rusy50 ca 
101 0 |a rus 
102 |a RU 
135 |a drcn ---uucaa 
181 0 |a i  
182 0 |a b 
200 1 |a Исследование формирования систем искусственного интеллекта  |b Электронный ресурс  |f С. И. Штеренберг  
203 |a Текст  |c электронный 
215 |a 1 файл (299 Кб) 
225 1 |a Формирование инженерного мышления 
230 |a Электронные текстовые данные (1 файл : 299 Кб) 
300 |a Заглавие с титульного листа 
320 |a [Библиогр.: с. 229 (10 назв.)] 
330 |a В статье рассмотрены проблемы и их решения по разработке и применению экспертных систем искусственного интеллекта для образовательных сфер деятельности. 
337 |a Adobe Reader 
461 1 |0 (RuTPU)RU\TPU\prd\176632  |x 1810-2883  |t Инженерное образование  |o электронный научный журнал  |f Ассоциация инженерного образования России (АИОР)  |n [Б. и.]  |d 2003- 
463 1 |0 (RuTPU)RU\TPU\prd\1171  |t № 15  |v [С. 224-229]  |d 2014 
610 1 |a инженерное образование 
610 1 |a электронный ресурс 
610 1 |a искусственный интеллект 
610 1 |a образовательная деятельность 
610 1 |a экспертные системы 
610 1 |a нейронные сети 
610 1 |a логика 
700 1 |a Штеренберг  |b С. И. 
801 1 |a RU  |b 63413507  |c 20090623  |g PSBO 
801 2 |a RU  |b 63413507  |c 20180426  |g PSBO 
856 4 |u https://old.aeer.ru/files/io/m15/art_32.pdf 
942 |c BK